Ekstraklasa 2025/26 - Statystyki

Ogólne statystyki
  • Ten quiz został rozwiązany 15 221 razy
    6 411 od ostatniego zresetowania
  • Średni wynik to 15 z 18
Statystyki odpowiedzi
Kluby % Poprawnych
Legia Warszawa
99%
Lech Poznań
97%
Lechia Gdańsk
92%
Arka Gdynia
91%
Jagiellonia Białystok
90%
Pogoń Szczecin
88%
Cracovia
85%
Raków Częstochowa
85%
Górnik Zabrze
83%
Widzew Łódź
82%
Motor Lublin
80%
Bruk-Bet Termalica Nieciecza
79%
GKS Katowice
79%
Wisła Płock
79%
Zagłębie Lubin
78%
Korona Kielce
74%
Piast Gliwice
74%
Radomiak Radom
73%
Nie znaleziono quizów pasujących do podanych kryteriów
Rozkład punktacji
Procent ludzi z każdym wynikiem
Percentyl według liczby udzielonych odpowiedzi
Twoja historia wyników
Nie rozwiązałeś tego quizu od ostatniego zresetowania